000 00716nam a2200205 a 4500
001 000032870
005 20240530073920.0
008 110801s1942 dr 000 f spa d
040 _aDO-SdBNP
_bspa
_cBNPHU
082 _aRD863.42
_bH557j
100 1 _aHernández, Emilio
_958648
245 1 3 _aEl joven generoso /
_cEmilio Hernández.
260 _aCiudad Trujillo, República Dominicana :
_bImprenta Vila Morel,
_c1942.
300 _a49 p. ;
_c20 cm.
500 _aArgumento interesante, moral, sensacional y chispiante : Complejo y expreso para film
590 _aInventariado, 2018/ YL
650 0 _aNovela dominicana
_9223
650 0 _aLiteratura dominicana.
_967
910 _aValidado. Control de calidad MFF
999 _c32361
_d32361